Hidden Worlds (Record no. 595209)

MARC details
000 -LEADER
fixed length control field 00330nam a2200133Ia 4500
008 - FIXED-LENGTH DATA ELEMENTS--GENERAL INFORMATION
fixed length control field 100415s9999 xx 000 0 und d
082 ## - DEWEY DECIMAL CLASSIFICATION NUMBER
Item number 12292
Classification number 500
245 ## - TITLE STATEMENT
Title Hidden Worlds
260 ## - PUBLICATION, DISTRIBUTION, ETC. (IMPRINT)
Place of publication, distribution, etc WASHINGTON
Date of publication, distribution, etc 1981
Name of publisher, distributor, etc NATIONAL GEOGRAPHIC SOCIETY
365 ## - TRADE PRICE
Price amount 200
630 ## - SUBJECT ADDED ENTRY--UNIFORM TITLE
Uniform title Hidden Worlds
730 ## - ADDED ENTRY--UNIFORM TITLE
Uniform title Hidden Worlds
942 ## - ADDED ENTRY ELEMENTS (KOHA)
Koha item type Book
Holdings
Withdrawn status Lost status Damaged status Not for loan Home library Current library Date acquired Cost, normal purchase price Total Checkouts Full call number Barcode Date last seen Price effective from Koha item type
        Bombay Natural History Society Bombay Natural History Society 09/01/1997 200.00   500 12292 BNHS-12292 04/15/2010 04/15/2010 Book